00274nam a22000977a 4500008004100000082001300041110002800054245006700082260001800149300000900167230619b xxu||||| |||| 00| 0 eng d a004bKTC bKenyatoday Consultants aInformation Communication Technology For Members of Parliament aNairobic2006 a166p